000 01361nam a22002897a 4500
005 20101206113148.0
008 101206t xxu||||| |||| 00| 0 hin d
010 _aHIN-91849
020 _c250.00
_a8189562053
035 _aHN-64195
037 _bDBAD / PUB
040 _aDPL
_bHN
082 _a
100 _924598
_aठाकुर, रवीन्द्रनाथ
245 _aलघु कहानियाँ /
_cरवीन्द्रनाथ ठाकुर
246 _aLghu Kahaniyan
_bby Ravinder Nath Tagore
260 _aनई दिल्ली
_bराष्ट्रीय हिन्दी साहित्य परिषद
_c2011
270 _a33/1, भूलभुलैयाँ रोड़, महरौली
_bनई दिल्ली
_e110030
_k011- 26641981
300 _a139पृ
_c22सेमी (सजिल्द)
490 _aनोबेल पुरस्कार प्राप्त साहित्यकार द्वारा रचित
_925876
650 _91169
_aलघु कथा साहित्य
650 _925727
_aHindi Fiction
700 _924599
700 _925390
942 _2ddc
_cHN
_mठाकुर
_h
999 _c50488
_d50488